[Event "Krefeld Pfingsten op"]
[Site "Krefeld"]
[Date "2025.06.08"]
[Round "5"]
[White "Aslansofuoglu, Melihsah"]
[Black "Li, Hewei"]
[Result "0-1"]
[WhiteElo "1759"]
[BlackElo "2024"]
[PlyCount "92"]
[EventDate "2025.06.06"]
[EventType "swiss"]
[EventRounds "9"]
[EventCountry "GER"]
[SourceTitle "CB24_2025"]
[SourceDate "2025.06.11"]
[SourceVersion "1"]
[SourceVersionDate "2025.06.11"]
[SourceQuality "1"]

1. e4 c5 2. Nf3 d6 3. d4 cxd4 4. Nxd4 Nf6 5. Nc3 g6 6. f3 Bg7 7. Be3 0-0 8. Qd2 Nc6 9. Bc4 Nxd4 10. Bxd4 Be6 11. Nd5 Bxd5 12. Bxd5 Qc7 13. c3 Rfd8 14. 0-0 e6 15. Bb3 b5 16. Qg5 e5 17. Bf2 d5 18. Bg3 dxe4 19. Qxe5 Qxe5 20. Bxe5 e3 21. Rfe1 Rd2 22. Rxe3 Rad8 23. Ree1 Nh5 24. Bxg7 Kxg7 25. Rad1 Nf4 26. Rxd2 Rxd2 27. Re7 Nxg2 28. Rxf7+ Kh6 29. Rxa7 Nh4 30. Bg8 Nxf3+ 31. Kf1 Nxh2+ 32. Kg1 Nf3+ 33. Kf1 Kg5 34. Rxh7 Kf4 35. Rf7+ Kg3 36. Rxf3+ Kxf3 37. Ke1 Rxb2 38. c4 b4 39. c5 Rc2 40. c6 Ke3 41. Kd1 Rxc6 42. Bh7 g5 43. Bf5 Rc3 44. Bg4 Kf4 45. Be6 g4 46. Kd2 Ra3 0-1

[Event "Krefeld Pfingsten op"]
[Site "Krefeld"]
[Date "2025.06.08"]
[Round "4"]
[White "Li, Hewei"]
[Black "Reuter, Julian Frank"]
[Result "1/2-1/2"]
[WhiteElo "2024"]
[BlackElo "2153"]
[PlyCount "51"]
[EventDate "2025.06.06"]
[EventType "swiss"]
[EventRounds "9"]
[EventCountry "GER"]
[SourceTitle "CB24_2025"]
[SourceDate "2025.06.11"]
[SourceVersion "1"]
[SourceVersionDate "2025.06.11"]
[SourceQuality "1"]

1. e4 e5 2. Nf3 Nc6 3. Bb5 Nf6 4. d3 Bc5 5. 0-0 d6 6. c3 0-0 7. h3 h6 8. Re1 a6 9. Ba4 Ba7 10. Be3 Bxe3 11. Rxe3 Re8 12. c4 Nd7 13. Bxc6 bxc6 14. d4 exd4 15. Qxd4 Qf6 16. Qxf6 Nxf6 17. Nbd2 c5 18. e5 Nd7 19. exd6 Rxe3 20. fxe3 cxd6 21. Ne4 Bb7 22. Nxd6 Bxf3 23. gxf3 Rd8 24. Ne4 f5 25. Nd6 Ne5 26. Nb7 1/2-1/2

[Event "Krefeld Pfingsten op"]
[Site "Krefeld"]
[Date "2025.06.06"]
[Round "1"]
[White "Praszczalek, Jakub"]
[Black "Li, Hewei"]
[Result "0-1"]
[WhiteElo "1638"]
[BlackElo "2024"]
[PlyCount "72"]
[EventDate "2025.06.06"]
[EventType "swiss"]
[EventRounds "9"]
[EventCountry "GER"]
[SourceTitle "CB24_2025"]
[SourceDate "2025.06.11"]
[SourceVersion "1"]
[SourceVersionDate "2025.06.11"]
[SourceQuality "1"]

1. b3 d5 2. Bb2 f6 3. d4 c5 4. e3 Nc6 5. Nf3 Bg4 6. h3 Bh5 7. Be2 e6 8. 0-0 Bd6 9. dxc5 Bxc5 10. c4 Nge7 11. cxd5 Nxd5 12. a3 0-0 13. Nbd2 Rc8 14. Ne4 Be7 15. Ng3 Bf7 16. b4 Nb6 17. Nd4 Ne5 18. Bg4 f5 19. Bf3 Nbc4 20. Qe2 Qb6 21. Rac1 Bf6 22. Ba1 Nxa3 23. Nh5 Bxh5 24. Bxh5 g6 25. Bf3 Nac4 26. Rc2 Nxf3+ 27. Nxf3 Qxb4 28. Bxf6 Rxf6 29. Rfc1 b5 30. Ne5 Rff8 31. Nxc4 Rxc4 32. Rxc4 bxc4 33. Rxc4 Qb1+ 34. Kh2 Rd8 35. Rc7 Qb4 36. Rxa7 Qb8+ 0-1

[Event "Krefeld Christmas op"]
[Site "Krefeld"]
[Date "2024.12.30"]
[Round "6"]
[White "Giacometto, Mario"]
[Black "Li, Hewei"]
[Result "1/2-1/2"]
[WhiteElo "1868"]
[BlackElo "2014"]
[PlyCount "84"]
[EventDate "2024.12.27"]
[EventType "swiss"]
[EventRounds "7"]
[EventCountry "GER"]
[SourceTitle "CB01_2025"]
[SourceDate "2025.01.01"]
[SourceVersion "1"]
[SourceVersionDate "2025.01.01"]
[SourceQuality "1"]

1. e4 c5 2. Nf3 d6 3. d4 cxd4 4. Nxd4 Nf6 5. Nc3 g6 6. Be3 Bg7 7. f3 0-0 8. Bc4 Nc6 9. Qd2 Nxd4 10. Bxd4 Be6 11. Bb3 Qa5 12. Rd1 Rfc8 13. Nd5 Qxd2+ 14. Rxd2 Bxd5 15. exd5 Nd7 16. Bxg7 Kxg7 17. 0-0 a5 18. a3 a4 19. Ba2 Rc7 20. c3 Ra5 21. Rd4 Rb5 22. Rf2 Nb6 23. Rfd2 h6 24. h4 Kf6 25. g3 Ra5 26. Rf4+ Kg7 27. Rb4 Nd7 28. Kf2 Nc5 29. Ke3 Rc8 30. Rdd4 Rca8 31. Bc4 Kf6 32. Rf4+ Kg7 33. Rd4 R8a7 34. Rd1 Ra8 35. Rd4 Kf8 36. g4 Kg7 37. Rd1 Rc8 38. f4 Raa8 39. Kf3 f6 40. Re1 Kf7 41. Re3 Ra5 42. Re1 Raa8 1/2-1/2

[Event "Krefeld Christmas op"]
[Site "Krefeld"]
[Date "2024.12.28"]
[Round "3"]
[White "Li, Hewei"]
[Black "Ablohina, Inga"]
[Result "1-0"]
[WhiteElo "2014"]
[BlackElo "1646"]
[PlyCount "147"]
[EventDate "2024.12.27"]
[EventType "swiss"]
[EventRounds "7"]
[EventCountry "GER"]
[SourceTitle "CB01_2025"]
[SourceDate "2025.01.01"]
[SourceVersion "1"]
[SourceVersionDate "2025.01.01"]
[SourceQuality "1"]

1. d4 Nf6 2. c4 e6 3. Nf3 d5 4. Nc3 c5 5. dxc5 Bxc5 6. a3 Qb6 7. e3 dxc4 8. Bxc4 0-0 9. 0-0 Rd8 10. Qe2 Qc7 11. b4 Be7 12. Bb2 Nc6 13. Rac1 b6 14. Nb1 Qb7 15. e4 Rb8 16. e5 Nd5 17. Nc3 Nxc3 18. Bxc3 b5 19. Bd3 Bd7 20. h4 a6 21. h5 g6 22. Bd2 Be8 23. Be4 Rbc8 24. Bg5 Bxg5 25. Nxg5 Nd4 26. Qg4 Bc6 27. Bxc6 Rxc6 28. Ne4 Nf5 29. Qg5 Rdc8 30. Rcd1 Qe7 31. Nf6+ Kg7 32. hxg6 hxg6 33. Rd7 Qf8 34. Rfd1 Qh8 35. g4 Qh4 36. Nh5+ Kg8 37. Nf6+ Kg7 38. Ne4 Qxg5 39. Nxg5 Nh6 40. R1d6 Rc1+ 41. Kg2 R8c6 42. Nxe6+ Kg8 43. Ng5 R1c2 44. Rxc6 Rxc6 45. f3 Rc2+ 46. Kg3 Rc3 47. Rd8+ Kg7 48. Ne4 Rxa3 49. Nf6 Rb3 50. Kf2 g5 51. Ra8 Rxb4 52. Rxa6 Rb2+ 53. Kg3 Re2 54. Ne4 f5 55. exf6+ Kf7 56. Nxg5+ Kf8 57. Rb6 Rb2 58. Rb7 Ke8 59. f7+ Nxf7 60. Nxf7 b4 61. Ne5 b3 62. Nc4 Rb1 63. Kg2 Kd8 64. Na5 Rb2+ 65. Kg3 Ra2 66. Nxb3 Kc8 67. Rb4 Rb2 68. Rc4+ Kd7 69. Nd4 Kd6 70. Nf5+ Kd5 71. Re4 Rb1 72. g5 Rg1+ 73. Kf4 Rh1 74. g6 1-0

[Event "Muensterland op 41st"]
[Site "Muenster"]
[Date "2024.10.16"]
[Round "6"]
[White "Li, Hewei"]
[Black "Woestmann, Hans Joachim"]
[Result "0-1"]
[WhiteElo "1928"]
[BlackElo "2074"]
[PlyCount "158"]
[EventDate "2024.10.12"]
[EventType "swiss"]
[EventRounds "9"]
[EventCountry "GER"]
[SourceTitle "CB43_2024"]
[Source "Chessbase"]
[SourceDate "2024.10.23"]
[SourceVersion "1"]
[SourceVersionDate "2024.10.23"]
[SourceQuality "1"]

1. Nf3 d5 2. g3 Nf6 3. Bg2 e6 4. 0-0 Be7 5. d3 c5 6. Nbd2 Nc6 7. e4 0-0 8. Re1 Qc7 9. c3 b5 10. exd5 Nxd5 11. a4 b4 12. c4 Nf6 13. Qe2 Rd8 14. Nb3 Bb7 15. Be3 Na5 16. Bf4 Qb6 17. Nxa5 Qxa5 18. Ne5 Qa6 19. b3 Bxg2 20. Kxg2 Ne8 21. Rad1 f6 22. Ng4 e5 23. Bc1 Bd6 24. Ne3 Nc7 25. Qg4 Qc6+ 26. f3 Bf8 27. Nf5 Kh8 28. Qe4 Qd7 29. f4 Re8 30. Ne3 Rad8 31. f5 Qc8 32. Bb2 Rd6 33. Re2 Red8 34. Kf2 Qd7 35. Red2 Qf7 36. Rf1 R6d7 37. Kg2 Bd6 38. h3 Kg8 39. Kf2 Be7 40. Kg2 Rd6 41. Rfd1 R8d7 42. Ng4 Rd8 43. Qe3 R6d7 44. Qe4 Qe8 45. Ne3 Bf8 46. Ng4 Rd6 47. Ne3 Qc6 48. Bc1 g6 49. Kf2 Bh6 50. fxg6 Qxe4 51. dxe4 Rxd2+ 52. Rxd2 Rxd2+ 53. Bxd2 hxg6 54. Nd5 Nxd5 55. Bxh6 Nc7 56. Be3 Ne6 57. h4 f5 58. Bg5 Kf7 59. Be3 f4 60. gxf4 exf4 61. Bc1 Nd4 62. Bxf4 Ke6 63. Ke3 Nxb3 64. Kd3 Nd4 65. Bb8 a6 66. Ba7 Kd6 67. Bb8+ Kc6 68. Be5 Ne6 69. a5 Nd8 70. Ke3 Kd7 71. Kf4 Nc6 72. Bf6 Ke6 73. Kg5 Ne5 74. Bxe5 Kxe5 75. Kxg6 b3 76. h5 b2 77. h6 b1Q 78. h7 Qxe4+ 79. Kg7 Kd4 0-1

[Event "Muensterland op 41st"]
[Site "Muenster"]
[Date "2024.10.12"]
[Round "1"]
[White "Ballon, Guenther Jan"]
[Black "Li, Hewei"]
[Result "1/2-1/2"]
[WhiteElo "2049"]
[BlackElo "1928"]
[PlyCount "69"]
[EventDate "2024.10.12"]
[EventType "swiss"]
[EventRounds "9"]
[EventCountry "GER"]
[SourceTitle "CB43_2024"]
[Source "Chessbase"]
[SourceDate "2024.10.23"]
[SourceVersion "1"]
[SourceVersionDate "2024.10.23"]
[SourceQuality "1"]

1. d4 Nf6 2. c4 g6 3. Nc3 Bg7 4. e4 0-0 5. Bg5 h6 6. Be3 d6 7. f3 Nc6 8. Qd2 Kh7 9. Nge2 a6 10. d5 Na5 11. Nd4 c5 12. Nc2 Nd7 13. Be2 b5 14. cxb5 axb5 15. Bxb5 Ba6 16. Na3 Bxb5 17. Ncxb5 Ne5 18. Rc1 Qd7 19. 0-0 Rfb8 20. Qe2 c4 21. Nd4 Nd3 22. Rc2 Nb4 23. Rd2 Nxa2 24. Nxc4 Nb3 25. Nxb3 Rxb3 26. Nb6 Qa7 27. Nc4 Qa6 28. Na3 Qxe2 29. Rxe2 Nc3 30. bxc3 Raxa3 31. Bd4 Bxd4+ 32. cxd4 Rd3 33. Rc1 Ra7 34. Rc4 g5 35. Kf2 1/2-1/2